|
|
|
|
| LEADER |
00000nam a2200000 a 4500 |
| 001 |
vtls010635151 |
| 003 |
SK-MaSNL |
| 005 |
20260301134013.0 |
| 008 |
250313s1981 xo f 000 0 slo |
| 015 |
|
|
|a SNBA1981
|
| 035 |
|
|
|a E7385BC7-5A4B-443A-9E91-66402FD9CDBC
|
| 035 |
|
|
|a urn:nbn:sk:snk-amkxhm
|
| 035 |
|
|
|a urn:nbn:sk:snk-am00821a
|
| 040 |
|
|
|a SNK
|b slo
|c SNK
|e AACR2
|
| 041 |
0 |
|
|a slo
|
| 044 |
|
|
|a xo
|c SK
|
| 080 |
|
|
|a 026/027
|2 2001
|
| 080 |
|
|
|a (437.6)
|2 2001
|
| 080 |
|
|
|a (048.8)
|2 2001
|
| 245 |
0 |
0 |
|a Program rozvoja knižníc jednotnej sústavy v okrese Nové Zámky na roky 1981-1985
|
| 250 |
|
|
|a [1.] vyd.
|
| 260 |
|
|
|a Nové Zámky
|b Okresná knižnica
|c 1981
|
| 648 |
|
7 |
|a 1981-1985
|2 SNKPH
|9 305817
|
| 650 |
0 |
7 |
|a knižnice
|2 SNKPH
|9 17965
|
| 651 |
|
7 |
|a Nové Zámky (Slovensko : okres)
|2 SNKPH
|9 15958
|
| 655 |
|
7 |
|a štúdie
|2 SNKPH
|9 57033
|
| 852 |
|
|
|a Slovenská národná knižnica
|
| 958 |
|
|
|a OND
|
| 999 |
|
|
|c 755413
|d 757343
|
| 952 |
|
|
|a SNK
|b SNK
|y PREZ
|7 0
|p 17A1001423
|o snkSB 32023
|i snkKSP 5673/81
|8 1
|0 0
|1 0
|4 0
|d 2014-11-12
|f 1
|l 0
|r 2025-04-04 00:00:00
|w 2026-02-23
|
| 952 |
|
|
|a SNK
|b SNK
|y VYP
|7 0
|o snkSB 32023 D1
|i snkKSP 5674/81
|0 0
|1 0
|4 0
|d 2014-11-12
|l 0
|r 2026-02-23 23:46:58
|w 2026-02-23
|